| 000 | 00500nam a22001697a 4500 | ||
|---|---|---|---|
| 999 |
_c9502 _d9502 |
||
| 003 | GBCCL | ||
| 005 | 20241126110713.0 | ||
| 008 | 230214b ||||| |||| 00| 0 eng d | ||
| 040 | _cgbc | ||
| 082 |
_aVER 222.807 _bKHA |
||
| 100 |
_aKhamvum, V _913375 |
||
| 245 |
_aJerusalem na tunung thupina ding: _bNehemia laibu pansan a suutna |
||
| 260 |
_aZion veng , New Lamka : _bChingzanem & family, _c2022 |
||
| 300 | _a192p. | ||
| 650 |
_aBible _vOld Testament _xNehemia _xsurvey _916553 |
||
| 942 |
_2ddc _cBK |
||